Safeguards in a world of ambient intelligence / (Record no. 32972)
[ view plain ]
| 000 -LEADER | |
|---|---|
| fixed length control field | 01413cam a22003977a 4500 |
| 001 - CONTROL NUMBER | |
| control field | 15012352 |
| 003 - CONTROL NUMBER IDENTIFIER | |
| control field | OSt |
| 005 - DATE AND TIME OF LATEST TRANSACTION | |
| control field | 20210907104632.0 |
| 008 - FIXED-LENGTH DATA ELEMENTS--GENERAL INFORMATION | |
| fixed length control field | 070919s2008 ne b 001 0 eng |
| 010 ## - LIBRARY OF CONGRESS CONTROL NUMBER | |
| LC control number | 2007937658 |
| 015 ## - NATIONAL BIBLIOGRAPHY NUMBER | |
| National bibliography number | GBA777588 |
| Source | bnb |
| 016 7# - NATIONAL BIBLIOGRAPHIC AGENCY CONTROL NUMBER | |
| Record control number | 014016313 |
| Source | Uk |
| 020 ## - INTERNATIONAL STANDARD BOOK NUMBER | |
| International Standard Book Number | 9789048187867 |
| 035 ## - SYSTEM CONTROL NUMBER | |
| System control number | (OCoLC)ocn172979461 |
| 038 ## - RECORD CONTENT LICENSOR | |
| Staff Name | khadija |
| 040 ## - CATALOGING SOURCE | |
| Original cataloging agency | UKM |
| Transcribing agency | UKM |
| Modifying agency | BTCTA |
| -- | BAKER |
| -- | YDXCP |
| -- | NLGGC |
| -- | PIT |
| -- | DLC |
| 042 ## - AUTHENTICATION CODE | |
| Authentication code | lccopycat |
| 050 00 - LIBRARY OF CONGRESS CALL NUMBER | |
| Classification number | QA76.9.A48 |
| Item number | S24 2008 |
| 082 04 - DEWEY DECIMAL CLASSIFICATION NUMBER | |
| Classification number | 006.3 |
| Edition number | 22 |
| Author Mark | WRI |
| 084 ## - OTHER CLASSIFICATION NUMBER | |
| Classification number | 86.52 |
| Number source | bcl |
| 100 ## - MAIN ENTRY--PERSONAL NAME | |
| Personal name | Wright, David |
| 9 (RLIN) | 82196 |
| 245 00 - TITLE STATEMENT | |
| Title | Safeguards in a world of ambient intelligence / |
| Statement of responsibility, etc. | Pasi Ahonen ... [et al.], authors ; David Wright ... [et al.], editors. |
| 260 ## - PUBLICATION, DISTRIBUTION, ETC. | |
| Place of publication, distribution, etc. | Dordrecht ; |
| -- | New York : |
| Name of publisher, distributor, etc. | Springer, |
| Date of publication, distribution, etc. | c2008. |
| 300 ## - PHYSICAL DESCRIPTION | |
| Extent | xxxiii, 291 p. ; |
| Dimensions | 25 cm. |
| 440 #0 - SERIES STATEMENT/ADDED ENTRY--TITLE | |
| Title | International library of ethics, law and technology ; |
| Volume/sequential designation | v. 1 |
| 9 (RLIN) | 82197 |
| 504 ## - BIBLIOGRAPHY, ETC. NOTE | |
| Bibliography, etc. note | Includes bibliographical references (p. 273-286) and index. |
| 563 ## - BINDING INFORMATION | |
| Binding note | paperback |
| 650 #0 - SUBJECT ADDED ENTRY--TOPICAL TERM | |
| Topical term or geographic name entry element | Ambient intelligence. |
| 9 (RLIN) | 81519 |
| 650 #0 - SUBJECT ADDED ENTRY--TOPICAL TERM | |
| Topical term or geographic name entry element | Ambient intelligence |
| General subdivision | Moral and ethical aspects. |
| 9 (RLIN) | 82198 |
| 700 1# - ADDED ENTRY--PERSONAL NAME | |
| Personal name | Ahonen, Pasi. |
| 9 (RLIN) | 82199 |
| 700 1# - ADDED ENTRY--PERSONAL NAME | |
| Personal name | Wright, David, |
| Dates associated with a name | 1948 December 10- |
| 9 (RLIN) | 82200 |
| 906 ## - LOCAL DATA ELEMENT F, LDF (RLIN) | |
| a | 7 |
| b | cbc |
| c | copycat |
| d | 2 |
| e | ncip |
| f | 20 |
| g | y-gencatlg |
| 942 ## - ADDED ENTRY ELEMENTS (KOHA) | |
| Source of classification or shelving scheme | |
| Koha item type | Book |
| Withdrawn status | Lost status | Source of classification or shelving scheme | Damaged status | Not for loan | Permanent Location | Current Location | Shelving location | Date acquired | Full call number | Barcode | Date last seen | Price effective from | Koha item type | Public note |
|---|---|---|---|---|---|---|---|---|---|---|---|---|---|---|
| School of Mechanical & Manufacturing Engineering (SMME) | School of Mechanical & Manufacturing Engineering (SMME) | General Stacks | 12/15/2015 | 006.3 WRI | SMME-1898 | 03/29/2018 | 12/15/2015 | Book | Rack,52-Shelf,3 |
